Pays à 2 syllabes par ordre alphabétique ( de O à T) - Statistiques

Statistiques générales
  • Ce quiz a été pris 62 fois
  • Le résultat moyen est 9 sur 15
Statistiques - réponses
Hint Réponse % Correct
O Oman
91%
Q Qatar
89%
P Pérou
77%
T Togo
75%
R Rwanda
74%
R Russie
72%
T Turquie
62%
S Soudan
60%
S Serbie
53%
T Tonga
51%
S Syrie
47%
T Thaïlande
40%
P Pologne
38%
T Tchéquie
15%
P Palau
8%
Aucun quiz correspondant
Distribution des résultats
% des personnes avec chaque résultat
Percentile par nombre de réponses
Votre historique - résultats
Vous n’avez pas pris ce quiz